00306nam a2200121Ia 4500008004100000041000800041082001600049100001800065245002500083260003800108300003100146365000700177240624s9999 xx 000 0 und d aeng a368.014 SEE aSEETHAPATHI K aCLAIMS MANAGEMENT IV c2003aHyderabadbICFAI University avii, : 174 : p. : cm. ; 23 cRS